Science Fiction by Letter: D - Statistics

General Stats
  • This quiz has been taken 81 times
  • The average score is 11 of 15
Answer Stats
Hint Answer % Correct
In Jurassic Park, scientists were able to bring these extinct animals back to life. Dinosaurs
99%
This long-running British sci fi television series features a time lord who travels through time and space via a craft that looks like a phone booth. Doctor Who
96%
This is the title that sith lords give themselves as part of their names. Darth
93%
This is what robots are called in the Star Wars series. Droid
93%
In Star Wars, this was not a moon; it was a space station. Death Star
91%
This novel by Frank Herbert is considered to be the highest grossing science fiction novel of all time. Dune
86%
These are the cyborg bad guys from the above series, famous for their catchphrase, "Exterminate!" Dalek
79%
This was a Star trek spin-off series about a space station next to a worm hole. Deep Space Nine
79%
This 2009 science fiction film by Neill Blomkamp imagines a ship of alien refugees arriving and hovering over Johannesburg, South Africa. District 9
76%
He is the chief science officer on Star Trek: The Next Generation. Data
73%
This is the novel that the film Blade Runner was adapted from. Do Androids Dream of Electric Sheep
66%
He was the author of the above novel. Philip K. Dick
54%
The first name of the author of Hitchhikers' Guide to the Galaxy. Douglas
53%
He is the protagonist in Hitchhikers' Guide to the Galaxy. Arthur Dent
47%
This Sci-fi and fantasy artist is most famous for painting Yes and Asia album covers in the 1970s, but is also considered a huge influence on the look of many sci fi films (including Avatar). Roger Dean
7%
No matching quizzes found
Score Distribution
Percent of People with Each Score
Percentile by Number Answered
Your Score History
You have not taken this quiz